000 00743nam a2200217 i 4500
001 19190
003 ES-MaACL
005 20230906152026.0
007 t|
008 020701s2001 sp ||||0| spa j
020 _a84-451-2025-5
040 _aM-BN
_bspa
_cM-BN
080 _a711.4.036(460.27)
100 1 _aOrtega Sanz, José María.
_987492
245 1 0 _aProyectos matritenses
_b: ideas para el Madrid del siglo XXI /
_cJosé María Ortega Sanz.
260 _a[Madrid] :
_bConsejería de Educación,
_c[2001]
300 _a140 p. ;
_c24 cm.
650 4 _aUrbanismo-
_zMadrid (Comunidad Autónoma)-
_yS.XX.
_917709
710 1 _aMadrid (Comunidad Autónoma).
_bConsejería de Educación.
_95600
852 _aES-MaACL
_jL-25624
_bR.131438
999 _c19190
_d19190